Statistics for Linkin Park Song Initials

Click here to take the quiz!

General Stats

  • This quiz has been taken 194 times
  • The average score is 21 of 40

Answer Stats

InitialsSong% Correct
ITEIn the End
91%
WFTEWaiting for the End
68%
APFMHA Place for My Head
65%
NMSNo More Sorrow
65%
OMLOne More Light
65%
BTHBreaking the Habit
64%
SOTDShadow of the Day
63%
WIDWhat I've Done
63%
BIDBurn It Down
62%
LOATRLeave Out All the Rest
62%
OSCOne Step Closer
62%
GUGiven Up
60%
COGCastle of Glass
59%
WYWith You
58%
BIOBleed It Out
56%
HHHHands Held High
56%
POAPoints of Authority
56%
PMAPushing Me Away
56%
SIBSomewhere I Belong
56%
TLTGYAThe Little Things Give You Away
55%
FTIFrom the Inside
54%
NDNew Divide
53%
LITELost in the Echo
52%
IMRIn My Remains
51%
TCThe Catalyst
51%
LFYLying from You
50%
UIGUntil It's Gone
49%
CFTICure for the Itch
46%
GGGood Goodbye
45%
BMBy Myself
44%
BITSBurning in the Skies
41%
GATSGuilty All the Same
40%
DSDon't Stay
38%
FMFinal Masquerade
35%
HVHigh Voltage
35%
TTMTalking to Myself
35%
LGMLies Greed Misery
30%
AFNAll for Nothing
29%
BSBattle Symphony
29%
WAKWretches and Kings
29%

Score Distribution

Percentile by Number Answered

Percent of People with Each Score

Your Score History

You have not taken this quiz